Down east latch strings (Record no. 6873)

MARC details
000 -CABECERA
campo de control de longitud fija 00829nam a2200229 a 4500
001 - NÚMERO DE CONTROL
campo de control BRCA_7192
005 - FECHA Y HORA DE LA ÚLTIMA TRANSACCIÓN
campo de control 20190320205738.0
008 - DATOS DE LONGITUD FIJA--INFORMACIÓN GENERAL
campo de control de longitud fija 160112s1887----u--ab#####---#000-0#eng-#
041 ## - CÓDIGO DE LENGUA
Código de lengua del texto/banda sonora o título independiente eng
044 ## - CÓDIGO DEL PAÍS DE LA ENTIDAD EDITORA/PRODUCTORA
Código MARC del país u
050 #4 - SIGNATURA TOPOGRÁFICA DE LA BIBLIOTECA DEL CONGRESO
Número de clasificación F9
Número de documento/Ítem .I64 1887
100 1# - ENTRADA PRINCIPAL--NOMBRE DE PERSONA
Nombre de persona Ingersoll, Ernest
Fechas asociadas al nombre 1852-1946
9 (RLIN) 17822
245 10 - MENCIÓN DE TÍTULO
Título Down east latch strings
Resto del título r Seashore, lakes and mountains by the Boston & Maine railroad. Descriptive of the tourist region of New England
Mención de responsabilidad, etc. By Ernest Ingersoll; Illustrated by H. B. Colby and F. H. Taylor.
260 ## - PUBLICACIÓN, DISTRIBUCIÓN, ETC.
Lugar de publicación, distribución, etc. Boston
Nombre del editor, distribuidor, etc. Passenger Departament, Boston & Maine Railroad
Fecha de publicación, distribución, etc. 1887
300 ## - DESCRIPCIÓN FÍSICA
Extensión 86 p.
Otras características físicas il., mapas
Dimensiones 20 cm.
500 ## - NOTA GENERAL
Nota general P86
650 14 - PUNTO DE ACCESO ADICIONAL DE MATERIA--TÉRMINO DE MATERIA
Término de materia o nombre geográfico como elemento de entrada Ferrocarriles
9 (RLIN) 9137
651 #4 - PUNTO DE ACCESO ADICIONAL DE MATERIA--NOMBRE GEOGRÁFICO
Nombre geográfico Nueva Inglaterra
Subdivisión general Descripción y viajes
9 (RLIN) 17823
710 2# - PUNTO DE ACCESO ADICIONAL--NOMBRE DE ENTIDAD CORPORATIVA
Nombre de entidad corporativa o nombre de jurisdicción como elemento de entrada Boston and Maine Railroad.
9 (RLIN) 17824
902 ## - CATALOGADOR
Iniciales GFM
942 ## - ELEMENTOS DE PUNTO DE ACCESO ADICIONAL (KOHA)
Fuente del sistema de clasificación o colocación Library of Congress Classification
Tipo de ítem Koha Libros
Holdings
Estado de retiro Estado de pérdida Estado dañado No para préstamo Localización permanente Ubicación/localización actual Fecha de adquisición Número de inventario Total de préstamos Signatura topográfica completa Código de barras Fecha visto por última vez Precio válido a partir de Tipo de ítem Koha
El ejemplar forma parte de la colección y puede ser consultado según las políticas vigentes.       Biblioteca del Museo Franz Mayer (Rogerio Casas-Alatriste) Biblioteca del Museo Franz Mayer (Rogerio Casas-Alatriste) 16/01/2012 P86   F9 .I64 1887 (P86) 7646 22/03/2019 22/03/2019 Libros